Largest Ethnic Groups in Toronto - Statistics

General Stats
  • This quiz has been taken 50 times
  • The average score is 14 of 20
Answer Stats
# of Residents Answer % Correct
332,830 Chinese
96%
122,615 French
93%
130,900 German
93%
202,675 Indian
91%
331,890 English
89%
182,495 Italian
89%
74,465 Russian
84%
56,815 Spanish
84%
262,965 Irish
82%
114,530 Polish
80%
162,605 Filipino
73%
100,420 Portuguese
73%
256,250 Scottish
69%
72,340 Ukrainian
69%
323,175 Canadian
67%
57,425 Greek
62%
90,065 Jamaican
33%
45,540 Iranian
29%
52,900 British Isles
20%
58,180 Sri Lankan
13%
No matching quizzes found
Score Distribution
Percent of People with Each Score
Percentile by Number Answered
Your Score History
You have not taken this quiz